00445nam a2200157Ia 4500008004100000082001000041100002000051245004500071250000600116260002700122300000800149600002000157630004500177700002000222730004500242090124s9999 xx 000 0 und d b36629 aOUDEJANS MARTIN aHARMONY AND BEAUTY IN MAN AND HIS WORLD  a0 bCHINMAYA MISSIONc1991 a106 aOUDEJANS MARTIN aHARMONY AND BEAUTY IN MAN AND HIS WORLD  aOUDEJANS MARTIN aHARMONY AND BEAUTY IN MAN AND HIS WORLD